000 01176nam a2200337 i 4500
001 bg
245 0 0 _aRolnictwo rodzinne :
_bporównania międzynarodowe. Cz.2,Od mitu do rzeczywistości /
_cred. nauk. Hugues Lamarche ; Polska Akademia Nauk. Instytut Rozwoju Wsi i Rolnictwa.
260 _aWarszawa :
_bPAN. IRWiR,
_c2002.
300 _a286 s. ;
_c24 cm.
500 _aStreszcz. ang.
504 _aBibliogr.
650 9 _aRolnictwo
_zPolska
650 9 _aRolnictwo
_zKanada
650 9 _aRolnictwo
_zFrancja
650 9 _aRolnictwo
_zBrazylia
650 9 _aRolnictwo
_zTunezja
650 9 _aGospodarstwo rolne
_zPolska
650 9 _aGospodarstwo rolne
_zKanada
650 9 _aGospodarstwo rolne
_zFrancja
650 9 _aGospodarstwo rolne
_zBrazylia
650 9 _aGospodarstwo rolne
_zTunezja
700 1 _aLAMARCHE, Hugues
020 _a8385369619
040 _cBPK
041 0 _apol
_beng
080 _a631.001.73:338.43](438+100)
920 _a83-85369-61-9
942 _cKS
008 s pl f |000 0 pol
999 _c43163
_d43163
856 _uhttp://koha.tu.koszalin.pl/cgi-bin/koha/opac-detail.pl?biblionumber=43163
_yKatalog online BPK